00456nam a2200133 a 450000100100000000500170001000800410002704000250006808200160009324500470010924600550015626000840021130000270029500003120320200930062754.0110614s2003 dr 000 0 eng d aDO-SdBNPbengcBNPHU axxxxbT727l00aTourism legal guide :bDominican Republic.04aTourism in the Dominican Republic :ba legal guide aSanto Domingo :bSecretariat of State of Tourism :bPellerano & Herrera,c2003. a74 p. :bil. ;c29 cm.